The Official Guide to the TOEFL iBT Test/ (Record no. 207371)

MARC details
000 -LEADER
fixed length control field 00593nam a22001817a 4500
005 - DATE AND TIME OF LATEST TRANSACTION
control field 20241203154117.0
010 ## - LCCN (DPL NO)
LC control number ENG-142799
020 ## - INTERNATIONAL STANDARD BOOK NUMBER
International Standard Book Number 9789355329554
Terms of availability 1750.00
035 ## - SYSTEM CONTROL NUMBER
System control number EN-126331
037 ## - SOURCE OF ACQUISITION
Source of stock number/acquisition DBAD
082 ## - DEWEY DECIMAL CLASSIFICATION NUMBER
Classification number 488.0076
Edition number 7
245 ## - TITLE STATEMENT
Title The Official Guide to the TOEFL iBT Test/
Statement of responsibility, etc by N/A Educational Testing Service
250 ## - EDITION STATEMENT
Edition statement 7
260 ## - PUBLICATION, DISTRIBUTION, ETC. (IMPRINT)
Place of publication, distribution, etc Chennai
Name of publisher, distributor, etc McGraw Hill Education Private Ltd
Date of publication, distribution, etc 2024
270 ## - ADDRESS
Address Anjana Complex No. 5/90 A, Butt Road, St Thomas Mount
City Chennai
Postal code 600016
300 ## - PHYSICAL DESCRIPTION
Extent 657p.
Dimensions 28cm(pb)
Other physical details Index
942 ## - ADDED ENTRY ELEMENTS (KOHA)
Source of classification or shelving scheme Dewey Decimal Classification
Item type English Books
Call number suffix OFF
Classification part 488.0076
Edition 7
Holdings
Withdrawn status Lost status Not for loan Collection code Home library Current library Date acquired Source of acquisition Cost, normal purchase price Full call number Barcode Copy number Cost, replacement price Koha item type
      Non-fiction Central Library Central Library 03/12/2024 Delivery of Books Act Division 1750.00 OFF 488.0076 EN-126331 1 1750.00 English Books

© Delhi Public Library
Hit Counter
free hit counter